Accounting Principles . (Record no. 1352)

MARC details
005 - DATE AND TIME OF LATEST TRANSACTION
control field 20250414070851.0
020 ## - INTERNATIONAL STANDARD BOOK NUMBER
International Standard Book Number 0-07-059120-2
082 ## - DEWEY DECIMAL CLASSIFICATION NUMBER
Classification number 657 SMI
100 ## - MAIN ENTRY--PERSONAL NAME
Author name SMITH, J. L.
245 ## - TITLE STATEMENT
Title Accounting Principles .
250 ## - EDITION STATEMENT
Edition statement 2nd Ed.
260 ## - PUBLICATION, DISTRIBUTION, ETC.
Place of publication, distribution, etc. NeW york,
Name of publisher, distributor, etc. Mcgraw-Hill ,Inc,
Date of publication, distribution, etc. 1986.
300 ## - PHYSICAL DESCRIPTION
Extent xix,1098.: Ill.;figures& table
Other physical details Index
Dimensions 25cm.
700 ## - ADDED ENTRY--PERSONAL NAME
Other authors/Editors KEITH, R.M. & STEPHENS, W. L.
942 ## - ADDED ENTRY ELEMENTS (KOHA)
Source of classification or shelving scheme Dewey Decimal Classification
Koha item type Books
Holdings
Date last seen Total checkouts Full call number Barcode Cost, replacement price Price effective from Koha item type Lost status Source of classification or shelving scheme Damaged status Not for loan Withdrawn status Home library Current library Shelving location Date acquired Cost, normal purchase price
06/24/2025   657SMI DOM000259 30000.00 06/23/2025 Books   Dewey Decimal Classification       CBE Dodoma CBE Dodoma Special Reserve Collection 09/16/1994 10000.00
04/14/2025   657 SMI 0000005206 30000.00 04/14/2025 Books   Dewey Decimal Classification       College of Business Education Main Library College of Business Education Main Library General Collection 04/14/2025 10000.00
04/14/2025   657 SMI 0000005207 30000.00 04/14/2025 Books   Dewey Decimal Classification       College of Business Education Main Library College of Business Education Main Library General Collection 04/14/2025 10000.00
04/14/2025   657 SMI 0000005208 30000.00 04/14/2025 Books   Dewey Decimal Classification       College of Business Education Main Library College of Business Education Main Library General Collection 04/14/2025 10000.00
04/14/2025   657 SMI 0000005209 30000.00 04/14/2025 Books   Dewey Decimal Classification       College of Business Education Main Library College of Business Education Main Library General Collection 04/14/2025 10000.00
04/14/2025   657 SMI 0000005210 30000.00 04/14/2025 Books   Dewey Decimal Classification       College of Business Education Main Library College of Business Education Main Library General Collection 04/14/2025 10000.00
04/14/2025   657 SMI 0000005211 30000.00 04/14/2025 Books   Dewey Decimal Classification       College of Business Education Main Library College of Business Education Main Library General Collection 04/14/2025 10000.00